00695 2200265 4500001002100000005001700021008004100038020001700079035002400096082001100120090001800131100001800149245006100167250001100228260003500239300002900274500003100303650001300334700002000347850001600367980001300383985000600396999001500402990001200417YOGYA-0209000001762820090227022800.0 ind  a979-489-0995 0010-020900000017628 a639.34 a639.34bSus M aSUSANTO, Heru aMembuat AkuariumcHeru Susanto; Ilustrasi Johanes Sugito aCet. 1 aJakartabPenebar Swadayac1991 aix, 111 hlmbilusc21 cm aBibliografi : hlm. 110-111 aAkuarium aSugito, Johanes aYOPDYOG (B) a13-02-06 a1 aB000017208 a17203-B